| 000 | 00687nam a2200205 u 4500 | ||
|---|---|---|---|
| 005 | 20240529063632.0 | ||
| 008 | 151110s2008 r 000 0 eng d | ||
| 020 | _a9788424154592 | ||
| 035 | _aUPN01000206695 | ||
| 049 | _aI | ||
| 050 | 4 |
_aPQ6713 A7.8 _bT3.7 |
|
| 100 | 1 |
_aMartín Anguita, Carmen _931763 |
|
| 245 | 1 | 0 |
_aUna tarde en el circo : _bsin reglas no se puede jugar / _cCarmen Martín Anguita; il de Alicia Cañas Cortázar |
| 260 |
_aMadrid : _bEverest, _c2008. |
||
| 300 |
_a31 p. : _bil. col. |
||
| 440 | 0 |
_aCreciento con Marta. _pLibros para sentir |
|
| 650 | 7 |
_aLibros ilustrados para niños _2 _921365 |
|
| 650 | 4 |
_aCirco _vLiteratura infantil _921760 |
|
| 905 | _aLibro | ||
| 999 |
_c178796 _d178796 |
||